[Event "Cubuk op 3rd"]
[Site "Cubuk"]
[Date "2017.08.22"]
[Round "6"]
[White "Tereladze, Sopiko"]
[Black "Mammadova, Aysel Alishiraz Qiz"]
[Result "1-0"]
[WhiteElo "2182"]
[BlackElo "1928"]
[PlyCount "59"]
[EventDate "2017.08.19"]
[EventType "swiss"]
[EventRounds "9"]
[EventCountry "TUR"]
[SourceTitle "CBM 180 Extra"]
[Source "ChessBase"]
[SourceDate "2017.10.06"]
[SourceVersion "1"]
[SourceVersionDate "2017.10.06"]
[SourceQuality "1"]

1. d4 Nf6 2. Nf3 e6 3. Bg5 Be7 4. c4 0-0 5. Nc3 d5 6. e3 c6 7. Bd3 Nbd7 8. Qc2 h6 9. Bh4 dxc4 10. Bxc4 Nd5 11. Bg3 N7b6 12. Be2 Bd6 13. Ne5 Qe7 14. 0-0 Nxc3 15. bxc3 Nd7 16. f4 Nxe5 17. fxe5 Bc7 18. Qe4 Bd8 19. Bd3 g6 20. Rf4 Qd7 21. Raf1 b6 22. Qf3 Bg5 23. Rg4 Bb7 24. Bh4 f5 25. exf6 Rxf6 26. Qxf6 Bxf6 27. Rxf6 e5 28. Rgxg6+ Kh8 29. Rxh6+ Kg8 30. Bc4+ 1-0

[Event "AZE-ch (Women)"]
[Site "Baku"]
[Date "2016.03.20"]
[Round "6"]
[White "Mammadova, Aysel Alishiraz Qiz"]
[Black "Beydullayeva, Govhar"]
[Result "1-0"]
[WhiteElo "1871"]
[BlackElo "1870"]
[PlyCount "57"]
[EventDate "2016.03.15"]
[EventType "swiss"]
[EventRounds "9"]
[EventCountry "AZE"]
[SourceTitle "CBM 171 Extra"]
[Source "ChessBase"]
[SourceDate "2016.04.26"]
[SourceVersion "1"]
[SourceVersionDate "2016.04.26"]
[SourceQuality "1"]

1. e4 e6 2. d4 d5 3. exd5 exd5 4. Bd3 c5 5. dxc5 Bxc5 6. Nf3 Nf6 7. 0-0 0-0 8. Bg5 h6 9. Bh4 Nc6 10. Nc3 g5 11. Nxg5 hxg5 12. Bxg5 Ne5 13. h3 Kg7 14. Qd2 Rh8 15. Rae1 Nf3+ 16. gxf3 Bxh3 17. Qf4 Bd6 18. Qd4 Rh5 19. f4 Bxf1 20. Nxd5 Qd7 21. Qxf6+ Kg8 22. Bxf1 Bf8 23. Bg2 Bg7 24. Qe7 Qg4 25. Qxb7 Rf8 26. Qe7 f6 27. Bxf6 Rxd5 28. Qxg7+ Qxg7 29. Bxg7 1-0

[Event "AZE-ch (Women)"]
[Site "Baku"]
[Date "2016.03.19"]
[Round "5"]
[White "Balajayeva, Khanim Asad Qizi"]
[Black "Mammadova, Aysel Alishiraz Qiz"]
[Result "1-0"]
[WhiteElo "2209"]
[BlackElo "1871"]
[PlyCount "73"]
[EventDate "2016.03.15"]
[EventType "swiss"]
[EventRounds "9"]
[EventCountry "AZE"]
[SourceTitle "CBM 171 Extra"]
[Source "ChessBase"]
[SourceDate "2016.04.26"]
[SourceVersion "1"]
[SourceVersionDate "2016.04.26"]
[SourceQuality "1"]

1. e4 e5 2. Nf3 Nc6 3. Bc4 Bc5 4. c3 Nf6 5. b4 Be7 6. d4 exd4 7. b5 Na5 8. Bd3 0-0 9. e5 Nd5 10. cxd4 d6 11. Bd2 c5 12. 0-0 cxd4 13. Qe1 Nc3 14. Nxc3 dxc3 15. Bxc3 dxe5 16. Rd1 Qe8 17. Bxa5 Bf6 18. Bb4 Be7 19. Bxe7 Qxe7 20. Qxe5 Qxe5 21. Nxe5 Be6 22. Bc4 Bxc4 23. Nxc4 Rac8 24. Ne3 Rc5 25. Rd5 Rc3 26. Rfd1 Ra3 27. R1d2 g6 28. Rd7 b6 29. g3 Kg7 30. Rb7 Ra5 31. Rdd7 Rxb5 32. Rxa7 Rb2 33. Rdb7 b5 34. Nc4 Rb1+ 35. Kg2 Kf6 36. Rb6+ Kg7 37. Na3 1-0

[Event "AZE-ch (Women)"]
[Site "Baku"]
[Date "2016.03.17"]
[Round "3"]
[White "Asgarova, Turan Nizami Qizi"]
[Black "Mammadova, Aysel Alishiraz Qiz"]
[Result "0-1"]
[WhiteElo "1966"]
[BlackElo "1871"]
[PlyCount "114"]
[EventDate "2016.03.15"]
[EventType "swiss"]
[EventRounds "9"]
[EventCountry "AZE"]
[SourceTitle "CBM 171 Extra"]
[Source "ChessBase"]
[SourceDate "2016.04.26"]
[SourceVersion "1"]
[SourceVersionDate "2016.04.26"]
[SourceQuality "1"]

1. e4 e5 2. Nf3 Nc6 3. Bb5 a6 4. Ba4 Nf6 5. 0-0 b5 6. Bb3 Bc5 7. d3 0-0 8. c3 h6 9. h3 Bb6 10. Re1 d6 11. Nbd2 Nh7 12. Nf1 Be6 13. Bc2 Qf6 14. Be3 Bxe3 15. Rxe3 Ne7 16. Ng3 g6 17. d4 h5 18. Bb3 h4 19. Nf1 Bc8 20. N1h2 Qf4 21. Ne1 Qf6 22. Ng4 Bxg4 23. Qxg4 exd4 24. cxd4 Qxd4 25. Qxh4 Nf5 26. Nf3 Qxe3 27. exf5 Qd3 28. Nd4 g5 29. Qg4 Rae8 30. Rd1 Qe4 31. Qh5 Qe5 32. Nf3 Qg7 33. h4 g4 34. Nd4 Nf6 35. Qg5 Kh8 36. Qd2 Re5 37. Qc3 Rfe8 38. g3 Nd5 39. Qc6 Re1+ 40. Kg2 Nf6 41. Rxe1 Rxe1 42. Qxc7 Ne8 43. Qa7 Qf6 44. Qxf7 Qxf7 45. Bxf7 Nf6 46. Be6 Rd1 47. Nc6 Rd2 48. b4 Ne4 49. Nb8 Rxf2+ 50. Kg1 Rf3 51. Nxa6 Rxg3+ 52. Kf1 Rc3 53. Bd7 Rc1+ 54. Ke2 g3 55. Kf3 Rf1+ 56. Kg2 Rf2+ 57. Kg1 Nc3 0-1

[Event "EU-ch (Women) 16th"]
[Site "Chakvi"]
[Date "2015.05.29"]
[Round "10"]
[White "Ghukasyan, Siranush"]
[Black "Mammadova, Aysel Alishiraz Qiz"]
[Result "1/2-1/2"]
[WhiteElo "2100"]
[BlackElo "1862"]
[PlyCount "60"]
[EventDate "2015.05.19"]
[EventType "swiss"]
[EventRounds "11"]
[EventCountry "GEO"]
[SourceTitle "CBM 166 Extra"]
[Source "ChessBase"]
[SourceDate "2015.06.18"]
[SourceVersion "1"]
[SourceVersionDate "2015.06.18"]
[SourceQuality "1"]

1. e4 e5 2. Nf3 Nc6 3. Bb5 a6 4. Ba4 Nf6 5. d3 b5 6. Bb3 Bc5 7. 0-0 0-0 8. c3 h6 9. d4 Be7 10. Nxe5 Na5 11. Bxf7+ Rxf7 12. Nxf7 Kxf7 13. e5 Nd5 14. Qf3+ Ke6 15. Qe4 d6 16. Qg6+ Kd7 17. Qxg7 Qf8 18. Qg6 Kc6 19. Bxh6 Qf5 20. Qg3 Qh5 21. c4 Nxc4 22. b3 Ncb6 23. Bd2 Be6 24. f4 Bh4 25. Qf3 Bg4 26. Qe4 Bf5 27. Qf3 Bg4 28. Qe4 Bf5 29. Qf3 Bg4 30. Qe4 Bf5 1/2-1/2

[Event "EU-ch (Women) 16th"]
[Site "Chakvi"]
[Date "2015.05.23"]
[Round "5"]
[White "Khomeriki, Nino"]
[Black "Mammadova, Aysel Alishiraz Qiz"]
[Result "1-0"]
[WhiteElo "2228"]
[BlackElo "1862"]
[PlyCount "45"]
[EventDate "2015.05.19"]
[EventType "swiss"]
[EventRounds "11"]
[EventCountry "GEO"]
[SourceTitle "CBM 166 Extra"]
[Source "ChessBase"]
[SourceDate "2015.06.18"]
[SourceVersion "1"]
[SourceVersionDate "2015.06.18"]
[SourceQuality "1"]

1. d4 Nf6 2. Nf3 e6 3. e3 Be7 4. Bd3 b6 5. 0-0 Bb7 6. Nbd2 0-0 7. b3 c5 8. Bb2 Nc6 9. c4 d5 10. Rc1 Rc8 11. Qe2 Ba6 12. Rfd1 cxd4 13. exd4 Qd6 14. Ne5 dxc4 15. Ndxc4 Bxc4 16. bxc4 Qb8 17. Nxc6 Rxc6 18. d5 exd5 19. Qxe7 Re8 20. Qb4 Ng4 21. g3 Ne5 22. Bxe5 Qxe5 23. Re1 1-0

[Event "EU-ch (Women) 16th"]
[Site "Chakvi"]
[Date "2015.05.22"]
[Round "4"]
[White "Mammadova, Aysel Alishiraz Qiz"]
[Black "Belenkaya, Dina"]
[Result "1/2-1/2"]
[WhiteElo "1862"]
[BlackElo "2235"]
[PlyCount "60"]
[EventDate "2015.05.19"]
[EventType "swiss"]
[EventRounds "11"]
[EventCountry "GEO"]
[SourceTitle "CBM 166 Extra"]
[Source "ChessBase"]
[SourceDate "2015.06.18"]
[SourceVersion "1"]
[SourceVersionDate "2015.06.18"]
[SourceQuality "1"]

1. e4 c6 2. d4 d5 3. Nc3 dxe4 4. Nxe4 Bf5 5. Ng3 Bg6 6. Nf3 Nd7 7. Bd3 Bxd3 8. Qxd3 Ngf6 9. 0-0 e6 10. Bd2 Be7 11. c4 0-0 12. Bc3 Qc7 13. Rfe1 Rfe8 14. Ne5 Rad8 15. Qf3 Bd6 16. b4 Nf8 17. h4 Qe7 18. Rab1 Bb8 19. b5 N6d7 20. h5 h6 21. bxc6 Nxe5 22. dxe5 bxc6 23. Qxc6 Qa3 24. Qf3 Nd7 25. Ne4 Nf8 26. Qe2 Kh8 27. Red1 Qe7 28. Qb2 Rxd1+ 29. Rxd1 Rd8 30. Qc2 Kg8 1/2-1/2

[Event "EU-ch (Women) 16th"]
[Site "Chakvi"]
[Date "2015.05.20"]
[Round "2"]
[White "Mammadova, Aysel Alishiraz Qiz"]
[Black "Unuk, Laura"]
[Result "1-0"]
[WhiteElo "1862"]
[BlackElo "2213"]
[PlyCount "109"]
[EventDate "2015.05.19"]
[EventType "swiss"]
[EventRounds "11"]
[EventCountry "GEO"]
[SourceTitle "CBM 166 Extra"]
[Source "ChessBase"]
[SourceDate "2015.06.18"]
[SourceVersion "1"]
[SourceVersionDate "2015.06.18"]
[SourceQuality "1"]

1. e4 e6 2. d4 d5 3. exd5 exd5 4. Bd3 Nc6 5. Nf3 Bg4 6. c3 Bd6 7. 0-0 Nge7 8. Nbd2 Qd7 9. b4 0-0 10. Qc2 Bf5 11. Re1 Bxd3 12. Qxd3 Ng6 13. Nf1 Rfe8 14. Be3 Nce7 15. Ng3 a5 16. b5 Bxg3 17. hxg3 Nf5 18. a4 Nd6 19. Nd2 Re6 20. c4 Ne7 21. c5 Ne4 22. Bf4 f5 23. f3 g5 24. Be5 Nf6 25. Bxf6 Rxf6 26. Qe3 Ng6 27. Qxg5 Qg7 28. Nf1 h6 29. Qd2 f4 30. g4 Kh7 31. Qf2 Rd8 32. Re2 Rf7 33. Rae1 Rdd7 34. Nd2 h5 35. gxh5 Ne7 36. Re5 Nf5 37. Nf1 Qg5 38. Qc2 Qxh5 39. Nh2 Qg6 40. Ng4 Nxd4 41. Qxg6+ Kxg6 42. Re8 Kg7 43. Ne5 Nc2 44. Rc1 Rde7 45. Rb8 Nd4 46. Nxf7 Ne2+ 47. Kh2 Nxc1 48. Nd8 Re8 49. b6 Ne2 50. g4 fxg3+ 51. Kg2 cxb6 52. Rxb7+ Kf6 53. Rxb6+ Ke5 54. Nf7+ Kd4 55. Rb5 1-0

[Event "EU-ch (Women) 12th"]
[Site "Tbilisi"]
[Date "2011.05.13"]
[Round "7"]
[White "Mammadova, Aysel Alishiraz Qiz"]
[Black "Houska, Jovanka"]
[Result "1/2-1/2"]
[WhiteElo "1964"]
[BlackElo "2429"]
[PlyCount "136"]
[EventDate "2011.05.07"]
[EventType "swiss"]
[EventRounds "11"]
[EventCountry "GEO"]
[SourceTitle "CBM 142 Extra"]
[Source "ChessBase"]
[SourceDate "2011.06.27"]
[SourceVersion "1"]
[SourceVersionDate "2011.06.27"]
[SourceQuality "1"]

1. e4 c6 2. d4 d5 3. Nc3 dxe4 4. Nxe4 Bf5 5. Ng3 Bg6 6. Nf3 Nd7 7. Bd3 e6 8. 0-0 Ngf6 9. Ne5 Nxe5 10. dxe5 Bxd3 11. cxd3 Nd5 12. Qe2 Be7 13. Nh5 g6 14. Nf4 Nxf4 15. Bxf4 Qd4 16. Qe3 0-0-0 17. Rfd1 Rd7 18. Qxd4 Rxd4 19. Be3 Rd5 20. Bxa7 Rhd8 21. Bb6 R8d7 22. f4 Rb5 23. Bf2 Rxb2 24. a4 Rd5 25. a5 Bc5 26. Bxc5 Rxc5 27. a6 bxa6 28. Rxa6 Rcc2 29. Ra8+ Kb7 30. Rf8 Rxg2+ 31. Kh1 Rxh2+ 32. Kg1 h5 33. Rxf7+ Kb6 34. Rb1 Kc5 35. Rxb2 Rxb2 36. Rf6 Kd5 37. Rxg6 Rb4 38. f5 exf5 39. e6 Rb7 40. Rf6 Ke5 41. e7 Rxe7 42. Rxc6 Kf4 43. Kf2 Ra7 44. Rc4+ Kg5 45. Rd4 Ra1 46. Kf3 Rf1+ 47. Kg2 Rf4 48. Rd8 Rh4 49. Kf3 Rh3+ 50. Kg2 Re3 51. Kf2 Re6 52. Kf3 Rg6 53. d4 h4 54. d5 Ra6 55. Rg8+ Kf6 56. Rf8+ Ke5 57. Re8+ Kf6 58. Rf8+ Kg6 59. Rg8+ Kf7 60. Rh8 Ra4 61. d6 Ke6 62. Rh6+ Ke5 63. d7 Ra3+ 64. Ke2 Ra2+ 65. Kd3 Ra3+ 66. Kc2 Ra2+ 67. Kd3 Ra1 68. Ke2 Ra2+ 1/2-1/2

[Event "EU-ch (Women) 12th"]
[Site "Tbilisi"]
[Date "2011.05.10"]
[Round "4"]
[White "Ikonomopoulou, Maria"]
[Black "Mammadova, Aysel Alishiraz Qiz"]
[Result "1/2-1/2"]
[WhiteElo "2121"]
[BlackElo "1964"]
[PlyCount "58"]
[EventDate "2011.05.07"]
[EventType "swiss"]
[EventRounds "11"]
[EventCountry "GEO"]
[SourceTitle "CBM 142 Extra"]
[Source "ChessBase"]
[SourceDate "2011.06.27"]
[SourceVersion "1"]
[SourceVersionDate "2011.06.27"]
[SourceQuality "1"]

1. e4 e5 2. Nf3 Nc6 3. Nc3 Bc5 4. Nxe5 Nxe5 5. d4 Bd6 6. dxe5 Bxe5 7. Bd2 d6 8. Bd3 Ne7 9. f4 Bd4 10. Qf3 Bd7 11. 0-0-0 Bc6 12. Ne2 Bf6 13. g4 g6 14. Qg3 Qd7 15. e5 Bg7 16. Rhe1 0-0-0 17. exd6 cxd6 18. Bc3 Bxc3 19. Nxc3 Kb8 20. Bc4 Nc8 21. Rd2 Rhe8 22. Red1 f5 23. g5 Re7 24. Nd5 Bxd5 25. Bxd5 Rde8 26. Rd3 Re2 27. Rb3 Nb6 28. Bg2 R8e7 29. Qf3 R2e4 1/2-1/2

[Event "EU-ch U18 Girls"]
[Site "Batumi"]
[Date "2010.09.28"]
[Round "9"]
[White "Mammadova, Aysel Alishiraz Qiz"]
[Black "Sulamanidze, Mariam"]
[Result "1-0"]
[WhiteElo "1965"]
[BlackElo "1831"]
[PlyCount "101"]
[EventDate "2010.09.20"]
[EventType "swiss"]
[EventRounds "9"]
[EventCountry "GEO"]
[SourceTitle "CBM 138 Extra"]
[Source "ChessBase"]
[SourceDate "2010.10.29"]
[SourceVersion "1"]
[SourceVersionDate "2010.10.29"]
[SourceQuality "1"]

1. e4 Nf6 2. e5 Nd5 3. c4 Nb6 4. d4 d6 5. Nf3 Bg4 6. Be2 dxe5 7. c5 N6d7 8. Qb3 Bxf3 9. Bxf3 Nc6 10. Qxb7 Nxd4 11. Qxa8 Nc2+ 12. Kd1 Qxa8 13. Bxa8 Nxa1 14. b4 a5 15. bxa5 Nxc5 16. Bc6+ Kd8 17. Bb2 Nd3 18. Bxa1 e6 19. Ke2 Nb4 20. Bb7 Bc5 21. Bxe5 f6 22. Rd1+ Bd6 23. Bxd6 cxd6 24. Rc1 Kd7 25. a6 Nxa2 26. Rc2 Nb4 27. Rb2 Nc6 28. Bxc6+ Kxc6 29. a7 Ra8 30. Ra2 d5 31. Kd3 e5 32. Nc3 Kc5 33. Ra5+ Kb6 34. Rb5+ Kc6 35. Rxd5 Rxa7 36. Rd8 f5 37. Rc8+ Kd7 38. Rb8 h6 39. Rf8 e4+ 40. Kd4 Ke6 41. Re8+ Kf7 42. Rd8 g6 43. Nd5 Ra2 44. Ke5 g5 45. Rd7+ Kg6 46. Rd6+ Kh5 47. Nf6+ Kh4 48. Nxe4 h5 49. Kxf5 Ra5+ 50. Kf6 g4 51. Ng3 1-0